000 004420000a22001810004500
003 MACL
005 20160113124217.0
008 160113b xxu||||| |||| 00| 0 eng d
040 _aMACL
_cMACL
041 _aEnglish
082 _a954/NAT
100 _aNath, R M
_931667
245 _aThe Back Ground Of Assamese Culture
260 _bA K Nath
_c1948
_aCalcutta
350 _a7
650 _aIndian History
_9227
942 _cBK
_k954/NAT
_2ddc
999 _c38502
_d38502